<?xml version="1.0" encoding="UTF-8"?>
<collection xmlns="http://www.loc.gov/MARC21/slim">
 <record>
  <leader>02442nab a2200265 i 4500</leader>
  <controlfield tag="001">publ16130</controlfield>
  <controlfield tag="005">20190716135552.0</controlfield>
  <controlfield tag="008">190716s2019    hu      o     0||   zxx d</controlfield>
  <datafield tag="022" ind1=" " ind2=" ">
   <subfield code="a">1747-0277</subfield>
  </datafield>
  <datafield tag="024" ind1="7" ind2=" ">
   <subfield code="a">10.1111/cbdd.13473</subfield>
   <subfield code="2">doi</subfield>
  </datafield>
  <datafield tag="024" ind1="7" ind2=" ">
   <subfield code="a">30409869</subfield>
   <subfield code="2">mtmt</subfield>
  </datafield>
  <datafield tag="040" ind1=" " ind2=" ">
   <subfield code="a">SZTE Publicatio Repozitórium</subfield>
   <subfield code="b">hun</subfield>
  </datafield>
  <datafield tag="041" ind1=" " ind2=" ">
   <subfield code="a">zxx</subfield>
  </datafield>
  <datafield tag="100" ind1="1" ind2=" ">
   <subfield code="a">Żesławska Ewa</subfield>
  </datafield>
  <datafield tag="245" ind1="1" ind2="0">
   <subfield code="a">Pharmacophoric features for a very potent 5-spirofluorenehydantoin inhibitor of cancer efflux pump ABCB1, based on X-ray analysis</subfield>
   <subfield code="h">[elektronikus dokumentum] /</subfield>
   <subfield code="c"> Żesławska Ewa</subfield>
  </datafield>
  <datafield tag="260" ind1=" " ind2=" ">
   <subfield code="c">2019</subfield>
  </datafield>
  <datafield tag="300" ind1=" " ind2=" ">
   <subfield code="a">844-853</subfield>
  </datafield>
  <datafield tag="490" ind1="0" ind2=" ">
   <subfield code="a">CHEMICAL BIOLOGY &amp; DRUG DESIGN</subfield>
   <subfield code="v">93 No. 5</subfield>
  </datafield>
  <datafield tag="520" ind1="3" ind2=" ">
   <subfield code="a">In order to extend knowledge about pharmacophoric features responsible for ABCB1 inhibitory properties of imidazolidin-2,4-dione derivatives, 1'-[4-(4-(o-methoxyphenyl)-piperazin-1-yl)butyl]-3'-methyl-spiro(fluoren-9,5'-imidazolidine)-2',4'-dione (3) and its salt (4) with rhodanine-3-acetic acid (RA) were prepared and investigated by X-ray diffraction method, as well as their efflux modulating effects in cancer cells (mouse T-lymphoma), cytotoxic and antiproliferative activities were evaluated in vitro. The molecular geometry, intermolecular interactions and crystal packing of base and acid forms of 3 were analyzed to see, if conformational changes influence the biological activities. The geometry of 2-methoxyphenylpiperazine and 5-spirofluorenehydantoin moieties was compared with other crystal structures containing these fragments. Our results indicated a very potent inhibitory action on ABCB1 pump, and significant cytotoxic and antiproliferative properties of 3 in T-lymphoma, even more potent in the case of MDR cells. Furthermore, the compound 3 converted into the salt 4 of inactive acid (RA) has maintained both, the efflux pump inhibitory and antiproliferative activities, showing strong synergism with doxorubicin. A comparison of geometry of 3 in both crystal structures (3 and 4) shows a significant difference in the arrangement of piperazine ring with respect to the aliphatic linker. This article is protected by copyright. All rights reserved.</subfield>
  </datafield>
  <datafield tag="700" ind1="0" ind2="1">
   <subfield code="a">Kincses Annamária</subfield>
   <subfield code="e">aut</subfield>
  </datafield>
  <datafield tag="700" ind1="0" ind2="1">
   <subfield code="a">Spengler Gabriella</subfield>
   <subfield code="e">aut</subfield>
  </datafield>
  <datafield tag="700" ind1="0" ind2="1">
   <subfield code="a">Nitek Wojciech</subfield>
   <subfield code="e">aut</subfield>
  </datafield>
  <datafield tag="700" ind1="0" ind2="1">
   <subfield code="a">Tejchman Waldemar</subfield>
   <subfield code="e">aut</subfield>
  </datafield>
  <datafield tag="700" ind1="0" ind2="1">
   <subfield code="a">Handzlik Jadwiga</subfield>
   <subfield code="e">aut</subfield>
  </datafield>
  <datafield tag="856" ind1="4" ind2="0">
   <subfield code="u">http://publicatio.bibl.u-szeged.hu/16130/1/-es-awska_et_al-2019-Chemical_Biology__Drug_Design.pdf</subfield>
   <subfield code="z">Dokumentum-elérés </subfield>
  </datafield>
 </record>
</collection>
